000 01894nam a22002657a 4500
999 _c63195
_d63195
003 Ge_BSU
005 20250625152446.0
008 250625s2023 ge ||||| |||| 00| 0 geo d
020 _a9789941316463
041 _ageo
080 _a51(075.8) მ-15
245 _aმათემატიკა 1-ლი კლასი :
_bმოსწავლის წიგნი 2 ნაწილი /
_cავტორები: გურამ გოგიშვილი, თეიმურაზ ვეფხვაძე, ია მებონია, ლამარა ქურჩიშვილი; რედაქტორი თეიმურაზ ვეფხვაძე; გარეკანის დიზაინერები: ილია ხელაია, ნანა მიქაბერიძე
264 _aთბილისი :
_bინტელექტი,
_c 2023.
300 _a112 გვ. :
_bილ.;
_c28 სმ.
500 _aგრიფმინიჭებულია საქართველოს განათლებისა და მეცნიერების სამინისტროს მიერ 2023 წელს
653 _aმათემატიკა
700 _aგოგიშვილი, გ.
_eავტორი
_925501
700 _aვეფხვაძე, თეიმურაზ
_eავტორი
_925502
700 _aმებონია, ია
_eავტორი
_925503
700 _aქურჩიშვილი, ლ.
_eავტორი
_925504
700 _aვეფხვაძე, თ.
_eრედაქტორი
_925505
700 _aხელაია,ი.
_eგარეკანის დიზაინერი
_925260
700 _aმიქაბერიძე, ნანა
_eგარეკანის დიზაინერი
_925506
942 _2udc
_cᲬᲘᲒᲜᲘ